| 000 | 00693nam a2200229 a 4500 | ||
|---|---|---|---|
| 001 | 000013920 | ||
| 005 | 20200929163412.0 | ||
| 008 | 091201s1995 ck 001 j spa d | ||
| 020 | _a9580709424 | ||
| 040 |
_aDO-SdBNP _bspa _cBNPHU |
||
| 082 |
_aC863.44 _bS718g |
||
| 100 | 1 |
_aSoto Aparicio, Fernando, _d1933- _924127 |
|
| 245 | 1 | 0 |
_aGuacas y guamayas / _cFernando Soto Aparicio. |
| 250 |
_aMedellĂn : _bEdilux, |
||
| 260 | _a1995. | ||
| 300 |
_a122, [4] p. : _bil. ; _c19 cm. |
||
| 490 | 1 |
_aJuveniles latinoamericanos _v12 |
|
| 650 | 4 |
_aNovela colombiana _91243 |
|
| 650 | 4 |
_aLiteratura colombiana _ySIGLO XX _914409 |
|
| 830 | 0 |
_aJuveniles latinoamericanos ; _v12 _931550 |
|
| 049 | _aBNGR | ||
| 999 |
_c13525 _d13525 |
||